000 00327nam a2200133Ia 4500
008 240624s9999 xx 000 0 und d
041 _aeng
082 _a330 PEN
100 _aPENNINGTON MARK
245 _aROBUST POLITICAL ECONOMY
260 _c2011
_aCheltenham
_bEdward Elgar
300 _a302 : p. : cm. ; 20
365 _cRS
999 _c23532
_d23532